01544nam a22003857a 4500003000500000005001700005008004100022010001100063011001100074035001100085040000900096090001000105100004000115245019800155260005900353300002400412502007300436590003700509590004100546590004100587590004100628590004200669650003800711650003000749650003100779650002900810650002800839650002600867901000700893911001500900942001000915949006900925999001900994952014501013CHAP20220329143707.0110204s2008 mx r 00010 spa d a100442 a101414 a112102 cCHAP aTesis1 aPolanco Mendoza, Juan Carlos99019810aPatogeniocidad de aislamiento nativos de hongos entomopatógenos sobre el complejo gallina ciega (Coleoptera: melolonthidae) de los Altos de Chiapas, Méxicoc/por Juan Carlos Polanco Mendoza aTuxtla Gutiérrez, Chiapas, Méx. :bEl autor,c2008 avii, 64 h. :cilus. aTesis (Lic. en Biologia) -- UNICACH. Facultad en Ciencias Biologicas aALEPHb10c20130110lUCH01h1539 aBATCH-UPDb10c20130110lUCH01h1004 aBATCH-UPDb10c20130410lUCH01h0614 aBATCH-UPDb10c20130914lUCH01h1007 aCONVERSIONb10c20130109lUCH01h135514aColeópterosxVariedades.92512514aControl de plagas.92759514aHongos patógenos.95613614aInsectosxLarvas.95893214aMaízzChiapas.97109114aSeparación.9104461 aBK aen proceso cTESIS aTesisbBCcTESd33724002233116eTS1gDonaciØnh51922i112102sb c100442d100442 00102local4051708TESISaBCbBCcPA_TESISd2019-12-31eDonacionfTESISl0oTesisp33724002233116r2019-12-31 00:00:00w2019-12-31yTESIS